000 00732nam a22002297a 4500
005 20170123162352.0
010 _aA-159743
020 _c40.00
035 _aA-159743
037 _bCen Lib/Ret
040 _aDPL
_bUR
082 _a843.08
_bک ہ ل
100 _aکُھلر، ک. ک
_9122083
245 _a/ اردو ناول کا نگارخانہ
_cک. ک. کُھلر
246 _aUrdu novel ka nigarkhana /
_bby K. K. Khullar
260 _aنی دہلی
_bسیمانت پرکا شان
_c1983
270 _b نی دہلی
_a پڈودے ہاؤس
300 _a112p.
_c20cm(Hb)
650 _aاردو ادب
_x
_z
_9137370
650 _aUrdu adab
_9137371
942 _2ddc
_cUR
_h843.08
_kک ہ ل
999 _c109330
_d109330